00377nam a2200109Ia 4500008004100000082001800041245006900059300001300128942000700141999001900148952010000167230907s9999||||xx |||||||||||||| ||und|| a621.317,bPOW 0aPower electronics for renewable and distributed energy systems / apages cm cBK c597622d597622 00104070aCAS-EbCAS-Ed2018-01-09l0o621.317, POWpCAS-E0001721r2023-09-12w2023-09-12yBK